Robin - Taylor Swift (All Lyrics) - Statistics

General Stats
  • This quiz has been taken 353 times
  • The average score is 136 of 179
Answer Stats
Lyrics % Correct
a
98%
you
97%
You
97%
(You
97%
an
94%
to
94%
To
94%
your
93%
and
92%
And
92%
go,
92%
in
92%
In
92%
tiger
90%
tiger)
90%
You're
90%
for
87%
For
87%
The
87%
the
87%
Way
87%
(Way
87%
no
86%
have
83%
Higher
83%
higher
83%
(Higher
83%
higher)
83%
it
82%
just
82%
are
80%
animal,
79%
Long
79%
may
79%
idea
78%
idea)
78%
sweetness
78%
we
77%
on
74%
All
73%
all
73%
keep
73%
from
72%
reign
72%
At
71%
like
71%
lighter
69%
roar
69%
look
67%
time
67%
Wilder
67%
ruler
66%
bloodthirsty
65%
regrets
65%
room
65%
back
64%
this
63%
dinosaurs
61%
set
61%
spot
61%
will
61%
You'll
61%
bed
60%
swing
60%
of
59%
ridiculous
59%
bounce
58%
favorite
58%
mean
58%
But
57%
secret
57%
above
56%
curiosity
56%
got
56%
Out
56%
out
56%
trampoline
56%
vowed
56%
dreams
55%
Covered
54%
cruel
54%
we'll
54%
down
53%
dragonflies
53%
learn
53%
mud,
53%
arrive
49%
nonsense
49%
now
49%
window
49%
talking
47%
utter
46%
tied
45%
panes
44%
showmanship
43%
curtail
42%
Strings
42%
deep
41%
reach
41%
Buried
38%
levers
37%
clocks
35%
tethered
32%
Slowed
31%
No matching quizzes found
Score Distribution
Percent of People with Each Score
Percentile by Number Answered
Your Score History
You have not taken this quiz